00623nam a22001937a 4500003000500000005001700005008004100022010001000063011001000073035001000083040000900093100002700102245010300129260007200232300001000304490003200314650005100346830003200397CHAP20220329134815.0971013s1983 r 00010 d a26261 a27233 a31334 cCHAP00aBustos Escarre, Pablo. aCuestionario sobre economía políticab: proceso de producción y de circulación del capital aChapingo, Méx. :bUACH. Departamento de Sociología Rural,c1983 a36 p. aMateriales de docenciav; 414aPolítica económicaxEstudio y enseñanza.0 aMateriales de docenciav; 4